000
00266nam a2200097Ia 4500
001
645682
005
20250826153628.0
008
250824s9999 xx 000 0 und d
245
0
_a
SİHİRLİ KRALLIK PEMBE KARLI DAĞ 5
_c
ROSİE BANKS
260
_b
DOĞAN EGMONT YAYINLARI
999
_c
645682
_d
645682